Ancient movements of the Indo-Aryans and Indo-Iranians / (Record no. 1154792)
[ view plain ]
| 000 -LEADER | |
|---|---|
| fixed length control field | 01307nam a2200373 a 4500 |
| 001 - CONTROL NUMBER | |
| control field | vtls001706289 |
| 003 - CONTROL NUMBER IDENTIFIER | |
| control field | NLI |
| 005 - DATE AND TIME OF LATEST TRANSACTION | |
| control field | 20210628160114.0 |
| 008 - FIXED-LENGTH DATA ELEMENTS--GENERAL INFORMATION | |
| fixed length control field | 130408s2011 ii ba e 001 0 eng d |
| 020 ## - INTERNATIONAL STANDARD BOOK NUMBER | |
| International Standard Book Number | 9788124605547 |
| Terms of availability | Rs.650.00 |
| 039 #9 - LEVEL OF BIBLIOGRAPHIC CONTROL AND CODING DETAIL [OBSOLETE] | |
| Level of rules in bibliographic description | 201305211621 |
| Level of effort used to assign nonsubject heading access points | jagesward |
| -- | 201304081608 |
| -- | santanuc |
| 040 ## - CATALOGING SOURCE | |
| Original cataloging agency | NLI : |
| Language of cataloging | eng |
| Transcribing agency | NLMARC21 |
| 041 0# - LANGUAGE CODE | |
| Language code of text/sound track or separate title | eng |
| 044 ## - COUNTRY OF PUBLISHING/PRODUCING ENTITY CODE | |
| MARC country code | ii |
| 082 04 - DEWEY DECIMAL CLASSIFICATION NUMBER | |
| Classification number | 958.01 |
| Edition number | 22 |
| 100 1# - MAIN ENTRY--PERSONAL NAME | |
| Personal name | Vannucci, Marta, |
| Dates associated with a name | 1921- |
| 9 (RLIN) | 1121309 |
| 245 10 - TITLE STATEMENT | |
| Title | Ancient movements of the Indo-Aryans and Indo-Iranians / |
| Statement of responsibility, etc. | Marta Vannucci |
| 260 ## - PUBLICATION, DISTRIBUTION, ETC. | |
| Place of publication, distribution, etc. | New Delhi : |
| Name of publisher, distributor, etc. | D.K. Printworld, |
| Date of publication, distribution, etc. | 2011 |
| 300 ## - PHYSICAL DESCRIPTION | |
| Extent | xii, 272 p. : |
| Other physical details | ill., maps ; |
| Dimensions | 22 cm. |
| 504 ## - BIBLIOGRAPHY, ETC. NOTE | |
| Bibliography, etc. note | Includes bibliographical references and index |
| 650 #0 - SUBJECT ADDED ENTRY--TOPICAL TERM | |
| Topical term or geographic name entry element | Indo-Aryans |
| General subdivision | History |
| 9 (RLIN) | 828988 |
| 650 #0 - SUBJECT ADDED ENTRY--TOPICAL TERM | |
| Topical term or geographic name entry element | Indo-Iranians |
| General subdivision | History |
| 9 (RLIN) | 1121310 |
| 650 #0 - SUBJECT ADDED ENTRY--TOPICAL TERM | |
| Topical term or geographic name entry element | Social movements |
| Geographic subdivision | asia, Central |
| General subdivision | History |
| 9 (RLIN) | 1121311 |
| 651 #0 - SUBJECT ADDED ENTRY--GEOGRAPHIC NAME | |
| Geographic name | Asia, Central |
| General subdivision | Civilization |
| 9 (RLIN) | 827590 |
| 887 ## - NON-MARC INFORMATION FIELD | |
| Content of non-MARC field | Santanu Chanda Jageswar |
| 901 ## - LOCAL DATA ELEMENT A, LDA (RLIN) | |
| a | DB133413 : |
| b | 13.6.12 |
| 902 ## - LOCAL DATA ELEMENT B, LDB (RLIN) | |
| a | E 958.01 V 339 |
| 904 ## - LOCAL DATA ELEMENT D, LDD (RLIN) | |
| a | Santanu Chanda |
| 905 ## - LOCAL DATA ELEMENT E, LDE (RLIN) | |
| a | Jageswar |
| 949 ## - LOCAL PROCESSING INFORMATION (OCLC) | |
| -- | VIRTUAITEM |
| -- | 10000 |
| -- | 100 |
| 6 | DBA000133413ENG |
| 942 ## - ADDED ENTRY ELEMENTS (KOHA) | |
| Source of classification or shelving scheme | Dewey Decimal Classification |
| Koha item type | Books |
| Withdrawn status | Lost status | Damaged status | Not for loan | Collection code | Home library | Current library | Shelving location | Date acquired | Total Checkouts | Full call number | Barcode | Date last seen | Price effective from | Koha item type |
|---|---|---|---|---|---|---|---|---|---|---|---|---|---|---|
| New English | National Library of India | National Library of India | New English - Main Stack Division | E 958.01 V 339 | DBA000133413ENG | 28/06/2021 | 28/06/2021 | Books |
